00866 a2200169 4500010001400000020002600014035001300040037001500053082001600068245003400084260004500118300006300163500015800226505023700384650004000621650003500661 aENG-88434 a9780195691986c795.00 aEN-71967 bDBAD / PUB14a305.69710541 aIndia's muslims:ban omnibus/ aNew DelhibOxford University Pressc2007 a(xvii, xxx, 386p.; xxiii, 271p.; xiii, 383p.)c22cm (Hb ) aThis is an artificial composite book & bounded 3 parts together having their own title & a common title and includes bibliographical references and index aIslamic revival in British India: Deoband, 1860-1900 by Barbara Daly Metcalf - The Bengal Muslims, 1876-1901: a quest for identity by Rafiuddin Ahmed - Legacy of a divided nation: India's Muslims since independence by Mushirul Hasan aMuslimsxIndiayPolitical activity. aIndiaxPolitics and government